Properties of concrete (Record no. 55103)

MARC details
000 -LEADER
fixed length control field 00488nam a2200145 a 4500
008 - FIXED-LENGTH DATA ELEMENTS--GENERAL INFORMATION
fixed length control field 120416s1972 ||||||||||||||||| || u
020 ## - INTERNATIONAL STANDARD BOOK NUMBER
International Standard Book Number 0273361538
050 ## - LIBRARY OF CONGRESS CALL NUMBER
Classification number TA 439 Nev
100 ## - MAIN ENTRY--PERSONAL NAME
Personal name Neville, Adam M
245 10 - TITLE STATEMENT
Title Properties of concrete
260 ## - PUBLICATION, DISTRIBUTION, ETC.
Place of publication, distribution, etc. Nairobi
Name of publisher, distributor, etc. Pitman
Date of publication, distribution, etc. 1972
300 ## - PHYSICAL DESCRIPTION
Extent xiii, 686p. : ill
350 ## - PRICE (NR) (BK AM CF MU VM SE) [OBSOLETE]
Price 0.00
995 ## - RECOMMENDATION 995 [LOCAL, UNIMARC FRANCE]
-- 0.00
-- CBU-MAIN LIBRARY (Kitwe)
-- 1
-- 12.00
-- 1
-- AVAILABLE
-- Main Library Open Access Collection
Holdings
Withdrawn status Lost status Source of classification or shelving scheme Damaged status Not for loan Home library Current library Shelving location Date acquired Total Checkouts Full call number Barcode Date last seen Price effective from Koha item type
          CBU-MAIN LIBRARY, KITWE. CBU-MAIN LIBRARY, KITWE.   11/30/2022   TA 439 Nev 014887 11/30/2022 11/30/2022 MONOGRAPH